Cơ sở kỹ thuật mạng Internet /

Guardat en:
Dades bibliogràfiques
Autor principal: Phạm Minh Việt
Altres autors: Trần Công Nhượng
Format: Sách giấy
Idioma:Vietnamese
Publicat: Hà Nội : Giáo dục , 2001
Etiquetes: Afegir etiqueta
Sense etiquetes, Sigues el primer a etiquetar aquest registre!
Thư viện lưu trữ: Thư viện Trường Đại học Đà Lạt
LEADER 00628nam a2200253 4500
001 DLU020018731
005 ##10/2/2001
020 # # |a 978- 
041 # # |a vie 
082 # # |a 004.67  |b PH-V 
100 # # |a Phạm Minh Việt 
245 # # |a Cơ sở kỹ thuật mạng Internet /  |c Phạm Minh Việt, Trần Công Nhượng 
260 # # |a Hà Nội :  |b Giáo dục ,  |c 2001 
300 # # |a 188 tr.;   |c 27 cm. 
700 # # |a Trần Công Nhượng 
992 # # |a 20000 
994 # # |a DLU 
900 # # |a False 
911 # # |a Administrator 
925 # # |a G 
926 # # |a A 
927 # # |a SH 
980 # # |a Thư viện Trường Đại học Đà Lạt